Immediate Impact of Various Breathing Modes on Short-Term Local Muscular Endurance Performance and Physiological Responses

Skúmanie okamžitých účinkov rôznych režimov dýchania na krátkodobú lokálnu svalovú vytrvalosť (SLMEP) a fyziologické reakcie - experimentálna štúdia.

Gespeichert in:
Bibliographische Detailangaben
1. Verfasser: Lörinczi, František
Weitere Verfasser: Lörincziová, Drahomíra, 1971-, Augustovičová, Dušana
Format: Buchkapitel
Sprache:Englisch
Schlagworte:
Tags: Tag hinzufügen
Keine Tags, Fügen Sie das erste Tag hinzu!

MARC

LEADER 00000naa a2200000 4500
001 0299195
005 20240502084010.7
041 0 |a eng 
044 |a RO 
245 1 0 |a Immediate Impact of Various Breathing Modes on Short-Term Local Muscular Endurance Performance and Physiological Responses  |c František Lörinczi, Drahomíra Lörincziová, Dušana Augustovičová 
520 |a Skúmanie okamžitých účinkov rôznych režimov dýchania na krátkodobú lokálnu svalovú vytrvalosť (SLMEP) a fyziologické reakcie - experimentálna štúdia. 
610 2 0 |a šport 
610 2 0 |a fyzioterapia 
610 2 0 |a zdravie 
610 2 0 |a pohyb 
610 2 0 |a štúdie 
610 2 0 |a testy 
610 2 0 |a muži 
610 2 0 |a ženy 
100 1 |a Lörinczi, František 
700 1 |a Lörincziová, Drahomíra, 1971- 
700 1 |a Augustovičová, Dušana